000 00593nam a2200181Ia 4500
003 OSt
005 20200804143816.0
008 190216s9999||||xx |||||||||||||| ||und||
020 _a9780070990098
040 _coclc
082 _a515.63
_bSPI/T
100 _aSpiegel, Murray R
_9762
245 0 _aTheory And Problems Of Vector Analysis And An Introduction To Tensor Analysis /
_cMurray R Spiegel
260 _bMetric Edition Schaum `s Outline Series,
_c1974.
_aNew York:
300 _a225p
650 _aMathematics
942 _cBK
_2ddc
_h515.63
_iSPI/T
_k515.63
_mSPI/T
999 _c31825
_d31825